000
00325nam a22001337a 4500
003
OSt
005
20230816110521.0
008
230816b |||||||| |||| 00| 0 eng d
040
_c
IIMT UNIVERSITY
100
_a
ARIHANT
245
_a
A COMPLETE SUCCESS PACKAGE ONLINE BITSAT
260
_a
ARIHANT PUB.
_b
2013
942
_2
ddc
_c
06
999
_c
57049
_d
57049